Egalite et non-discrimination dans la jurisprudence communautaire : etude critique a la lumiere d'une approache comparatiste
Saved in:
| Main Author: | |
|---|---|
| Format: | Book |
| Language: | French |
| Published: |
Bruxelles :
Bruylant,
2006
|
| Series: | Collection du Centre des droits de l'homme de l'Universite catholique de Louvain ;
; 4 |
| Subjects: | |
| Tags: |
Add Tag
No Tags, Be the first to tag this record!
|
MARC
| LEADER | 00000nam a2200000 i 4500 | ||
|---|---|---|---|
| 001 | 1/71572 | ||
| 008 | 080121s2006 fre d | ||
| 020 | |a 2-8027-2267-0 | ||
| 035 | |l 10093937 | ||
| 040 | |a GR-MY-UA |b gre |e aacr | ||
| 041 | 0 | |a fre | |
| 082 | 0 | |a 341.2422 |2 (22) | |
| 100 | 1 | |a Martin, Denis. | |
| 245 | 1 | 0 | |a Egalite et non-discrimination dans la jurisprudence communautaire : |b etude critique a la lumiere d'une approache comparatiste / |c Denis Martin |
| 260 | |a Bruxelles : |b Bruylant, |c 2006 | ||
| 300 | |a 669 σ.; |c 24 εκ. | ||
| 490 | 1 | |a Collection du Centre des droits de l'homme de l'Universite catholique de Louvain |v ; 4 | |
| 504 | |a Περιέχει βιβλιογραφικές παραπομπές και ευρετήριο | ||
| 650 | 0 | 0 | |a Law |z European Union countries. |
| 650 | 0 | 0 | |a Legislation |z European Union countries. |
| 650 | 0 | 0 | |a Constitutional law |z European Union countries. |
| 830 | 0 | |a Collection du Centre des droits de l'homme de l'Universite catholique de Louvain ; |v ; 4 | |
| 852 | |a INST |b LESVOS |e 20080121 |h 341.2422 MAR |p 005100040298 |q 005100040298 |t BK |y 0 | ||
| 901 | |a BIBL1-2008-1 | ||
| 909 | |a Λ |b 144375 | ||
| 922 | |a 1ΕΛΗ |b 200801 |c ΕΠΕΑΕΚ2/ΤΚ |d ΠΑΠΑΣΩΤΗΡΙΟΥ | ||
| 970 | |a ΚΑΡΑ |b ΓΙΑΣΕΜΗ |z 2008/01/21 | ||